| 000 | 00413nam a2200181Ia 4500 | ||
|---|---|---|---|
| 003 | OSt | ||
| 005 | 20240206100422.0 | ||
| 008 | 210210b1916 xxu||||| |||| 00| 0 eng d | ||
| 040 | _cAL | ||
| 041 | _aSanskrit | ||
| 082 | _a881/56 | ||
| 100 |
_aKALIDASA _9149688 |
||
| 245 | _aRitusamhara by Kale M R | ||
| 260 |
_aBombay _b- _c1916 |
||
| 690 |
_aSanskrit Poetry _9149689 |
||
| 906 | _a024227 | ||
| 942 |
_2ddc _cBK |
||
| 999 |
_c149625 _d149625 |
||